Archéologie mésopotamienne /

محفوظ في:

المؤلف الرئيسي: Parrot, André, 1901-1980 (مؤلف)

التنسيق: كتاب

اللغة: French

منشور في: Paris : A. Michel, [1946].

سلاسل: Sciences d'aujourd'hui.

الموضوعات:

الوسوم: إضافة وسم

لا توجد وسوم, كن أول من يضع وسما على هذه التسجيلة!

رقم الطلب: DS69.5 .P3 1946 v.1

LEADER 00852nam a2200277u 4500
001 643
003 OSt
005 20260204091927.0
008 130303s1946 fr abcf b 000 0 fre d
010 |a 47020538 
035 |a rdb04466645 
040 |c ARCE Library 
050 4 |a DS69.5 .P3 1946 v.1 
100 1 |a Parrot, André,  |d 1901-1980,  |e author  |9 37336 
245 1 0 |a Archéologie mésopotamienne /  |c André Parrot. 
264 1 |a Paris :  |b A. Michel,  |c [1946]. 
300 |a volume <1> :   |b Illustrations, maps, plans, portraits ;   |c 20 cm. 
490 0 |a Sciences d'aujourd'hui. 
504 |a "Notes et bibliographie" at end of each chapter. 
504 |a Bibliography : volume l, pages [527]-529. 
505 0 |g 1.  |t  Les étapes. 
650 0 |a Archaeology  |x History. 
651 0 |a Iraq  |x Antiquities. 
901 |a reviewed 
942 |c BK  |2 lcc 
999 |c 2825  |d 2825